A csodálatos tarisznya szlovák népmese

Bibliographic Details
Other Authors: Vércse, Miklós, 1932- (Translator)
Format: Article
Language:Hungarian
Slovak
PhysicalDescription:Obr.
Subjects:

MARC

LEADER 00000nab a2200000 ar4500
001 vtls009530874
003 SK-MaSNL
005 20260303061235.0
008 090626c2009 xo |||||||| 000 b|hun
015 |a SNBRB2009/05  |2 snkbucl 
038 |a SNKBUCL 
040 |a DSZK  |b slo  |c DSZK  |e AACR2 
041 1 |a hun  |h slo 
044 |a xo  |c SK 
080 |a 821.162.4-34 (0.053.2)=511.141  |2 2001 
080 |a 821.162.4-93=511.141  |2 2001 
080 |a 398.21  |x (0.053.2)  |2 2001 
245 0 0 |a A csodálatos tarisznya  |b szlovák népmese  |c fordította Vércse Miklós 
300 |b Obr. 
650 0 7 |a ľudové rozprávky, slovenské  |2 snkbucl  |9 350728 
700 1 |a Vércse, Miklós,  |d 1932-  |4 trl  |9 318639 
773 0 |t Vasárnap  |g Évf. 42, sz. 22 (2009), o. 37 
852 |a SNK  |b KIS3GCP 
852 |a DSZK  |b KIS3GCP 
958 |a HU 
958 |a SK 
958 |a LX 
958 |a DB 
999 |c 1734849  |d 1736779